2026 WNBA teams - Statistics

General Stats
  • This quiz has been taken 83 times
  • The average score is 12 of 15
Answer Stats
Team % Correct
Indiana Fever
91%
New York Liberty
89%
Los Angeles Sparks
84%
Dallas Wings
81%
Las Vegas Aces
81%
Minnesota Lynx
81%
Phoenix Mercury
80%
Chicago Sky
78%
Washington Mystics
77%
Atlanta Dream
75%
Golden State Valkyries
75%
Seattle Storm
73%
Connecticut Sun
72%
Toronto Tempo
61%
Portland Fire
55%
No matching quizzes found
Score Distribution
Percent of People with Each Score
Percentile by Number Answered
Your Score History
You have not taken this quiz